| 000 | 00559nam a2200181 4500 | ||
|---|---|---|---|
| 001 | 136443 | ||
| 003 | ES-MaACL | ||
| 005 | 20240516063048.0 | ||
| 007 | t| | ||
| 008 | 070214s1911 fr r ||||1| fre d | ||
| 100 | 0 |
_aRuskin, John, _d1819-1900 _9101026 |
|
| 245 | 1 | 3 |
_aLe Val d'Arno / _cJohn Ruskin ; traduit de l'anglais et annoté par E. Cammaerts. |
| 260 |
_aParis : _bH. Laurens, _c1911. |
||
| 300 |
_aXIX, 200 p. : _bil. ; _c25 x 16 cm. |
||
| 700 | 1 |
_aCammaerts, Emile. _934089 |
|
| 852 |
_aES-MaACL _jF-6463 |
||
| 999 |
_c136443 _d136443 |
||